|
|
|
|
| LEADER |
02397nam a22004935i 4500 |
| 001 |
978-1-4020-8088-3 |
| 003 |
DE-He213 |
| 005 |
20151204185106.0 |
| 007 |
cr nn 008mamaa |
| 008 |
100301s2005 xxu| s |||| 0|eng d |
| 020 |
|
|
|a 9781402080883
|9 978-1-4020-8088-3
|
| 024 |
7 |
|
|a 10.1007/b117249
|2 doi
|
| 040 |
|
|
|d GrThAP
|
| 050 |
|
4 |
|a TK7888.4
|
| 072 |
|
7 |
|a TJFC
|2 bicssc
|
| 072 |
|
7 |
|a TEC008010
|2 bisacsh
|
| 082 |
0 |
4 |
|a 621.3815
|2 23
|
| 100 |
1 |
|
|a Patel, Hiren D.
|e author.
|
| 245 |
1 |
0 |
|a SystemC Kernel Extensions for Heterogeneous System Modeling
|h [electronic resource] :
|b A framework for Multi-MoC Modeling & Simulation /
|c by Hiren D. Patel, Sandeep K. Shukla.
|
| 264 |
|
1 |
|a Boston, MA :
|b Springer US,
|c 2005.
|
| 300 |
|
|
|a XXXII, 172 p.
|b online resource.
|
| 336 |
|
|
|a text
|b txt
|2 rdacontent
|
| 337 |
|
|
|a computer
|b c
|2 rdamedia
|
| 338 |
|
|
|a online resource
|b cr
|2 rdacarrier
|
| 347 |
|
|
|a text file
|b PDF
|2 rda
|
| 505 |
0 |
|
|a Background Material -- Systemc Discrete-Event Kernel -- Few Words about Implementation Class Hierarchy -- Synchronous Data Flow Kernel in SystemC -- Communicating Sequential Processes Kernel in SystemC -- Finite State Machine Kernel in SystemC -- Systemc Kernel Application Protocol Interface (API) -- Heterogeneous Examples -- Epilogue.
|
| 520 |
|
|
|a SystemC Kernel Extensions for Heterogeneous System Modeling is a result of an almost two year endeavour on our part to understand how SystemC can be made useful for system level modeling at higher levels of abstraction. Making it a truly heterogeneous modeling language and platform, for hardware/software co-design as well as complex embedded hardware designs has been our focus in the work reported in this book.
|
| 650 |
|
0 |
|a Engineering.
|
| 650 |
|
0 |
|a Computer hardware.
|
| 650 |
|
0 |
|a Computer-aided engineering.
|
| 650 |
|
0 |
|a Electrical engineering.
|
| 650 |
|
0 |
|a Electronic circuits.
|
| 650 |
1 |
4 |
|a Engineering.
|
| 650 |
2 |
4 |
|a Circuits and Systems.
|
| 650 |
2 |
4 |
|a Electrical Engineering.
|
| 650 |
2 |
4 |
|a Computer Hardware.
|
| 650 |
2 |
4 |
|a Computer-Aided Engineering (CAD, CAE) and Design.
|
| 700 |
1 |
|
|a Shukla, Sandeep K.
|e author.
|
| 710 |
2 |
|
|a SpringerLink (Online service)
|
| 773 |
0 |
|
|t Springer eBooks
|
| 776 |
0 |
8 |
|i Printed edition:
|z 9781402080876
|
| 856 |
4 |
0 |
|u http://dx.doi.org/10.1007/b117249
|z Full Text via HEAL-Link
|
| 912 |
|
|
|a ZDB-2-ENG
|
| 950 |
|
|
|a Engineering (Springer-11647)
|